Conheça os tugas (Record no. 1983)

MARC details
000 -Etiqueta do registo
Valores 00695nam a2200253 4500
010 ## - Número ISBN
ISBN 9789897248153
021 ## - Número do Depósito Legal
Código do país Portugal
Número 547694/25
100 ## - Dados gerais de processamento
Dados gerais 20251120d2025 m||y0pory50030103ba
101 ## - Língua de publicação
Língua Português
102 ## - País de publicação
País Portugal
200 ## - Titulo e menção de responsabilidade
Título próprio Conheça os tugas
Primeira menção de responsabilidade Christopher L. Jones
Outras menções de responsabilidade trad. Carla Bê
205 ## - Menção da edição
Edição 1ª edição
210 ## - Publicação
Local de publicação Lisboa
Nome do editor Clube do Autor
Data de publicação 2025
215 ## - Descrição física 
Paginação / Volumes 326, [1] p., [16] p. il.
Outras indicações físicas il.
Dimensões 24 cm
300 ## - Notas gerais 
Texto da nota BMB-Registado
304 ## - Nota relativa ao título
Texto de nota Tít.: Meet the Tugas
606 ## - Nome comum usado como assunto
ID Autoridade 834
Palavra de ordem História de Portugal
675 ## - CDU
Notação 94(469)
Edição BMB
Língua por
700 ## - Autor principal (pessoa individual)
Apelido Jones
Nome Christopher L
ID Autoridade 2859
702 ## - Autor secundário (pessoa individual)
Apelido
Nome Carla
Função Tradutor
ID Autoridade 2860
801 ## - Fonte de origem
País PT
Agência BMB
Regras de catalogação RPC
990 ## - Elementos KOHA
Tipo de documento Livro
Holdings
Situação do levantamento Estado Número Biblioteca de origem Código de barras Cota Permissão de empréstimo Tipo de documento Forma de aquisição
    1 Biblioteca Municipal de Borba 1932 94(469) JON / CON   Livro Compra
Biblioteca Municipal de Borba

Powered by Koha